Where it Happened Cities - Statistics

General Stats
  • This quiz has been taken 36 times
    20 since last reset
  • The average score is 15 of 20
Answer Stats
Event Date City % Correct
1) Julius Caesar stabbed to deathin the Senate 44 BC Rome
100%
17) The Wall comes down in this city, reuniting West andEast Germany 1989 Berlin
95%
14) Japanese city destroyed by the first atomic bomb Aug 6, 1945 Hiroshima
95%
19) This city was forever changed following terroristattacks on the World Trade Center Sept 11, 2001 New York City
95%
8) Colonists dressed as Natives dumped chests oftea into the harbor to protest British taxes 1773 Boston
89%
13) Notorious gangster Al Capone ruled this city duringProhibition 1925-1931 Chicago
89%
15) John F Kennedy was assassinated in this city duringa motorcade Nov 22, 1963 Dallas
89%
2) Prophet Muhammad is born 571 AD Mecca
89%
12) Archduke Franz Ferdinands' assassination ignited the First World War 1914 Sarajevo
89%
11) President Lincoln is assassinated at Fords Theaterin this capital days after the Civil War 1865 Washington DC
89%
7) Wolfgang Mozart was born in this Austrian city 1756 Salzburg
84%
3) Norman leader William defeatedAnglo-Saxon Harold Godwinson in this decisive battle 1066 Hastings
68%
18) The Rodney King riots spark mass hysteria acrossthe city 1992 Los Angeles
68%
16) Civil Rights activist Martin Luther King is assassinatedin this city 1968 Memphis
68%
9) The Declaration of Independence was signed inthis city 1776 Philadelphia
68%
6) Hernan Cortes defeated Aztec king Montezuma togain Spanish control 1521 Mexico City
63%
10) The Battle of the Alamo occurred here with DavyCrockett defending it 1836 San Antonio
63%
4) Sicilian city where infected ships first introduced the Black Plague 1347 Messina
32%
5) Martin Luther posted his 95 thesesin this city that sparked the Protestant Reformation 1517 Wittenberg
26%
20) Major Japanese nuclear plant accident occurred due to a tsunami and earthquake 2011 Okuma
5%
No matching quizzes found
Score Distribution
Percent of People with Each Score
Percentile by Number Answered
Your Score History
You have not taken this quiz since the last reset